| 000 | 00552nam a22001937a 4500 | ||
|---|---|---|---|
| 999 |
_c2970 _d2970 |
||
| 003 | AR-CdUCM | ||
| 008 | 190305b ||||| |||| 00| 0 spa d | ||
| 040 |
_aMUNICIPALIDAD PROVINCIAL DEL CUSCO _cBIBLIOTECA MUNICIPAL DEL CUSCO |
||
| 082 |
_a869.624 / _bH96 |
||
| 100 |
_aHurtado Álvarez, Guillermo _910156 |
||
| 245 | _aCeferino / | ||
| 260 |
_aQuito : _bVida catolica, _c1971. |
||
| 300 |
_a36 páginas ; _c16.5 cm. |
||
| 500 | _aDonación Familia Nieto | ||
| 650 |
_aPoesia _91598 |
||
| 650 |
_aQuito _910157 |
||
| 942 |
_2ddc _cLIBROS |
||
| 945 | _aafb | ||